Rizikový manažment a sprostredkovanie poistenia

Efektívnosť sprostredkovania poistenia je závislá od právneho pochopenia samotnej činnosti poisťovne. Základom poisťovacej činnosti je riadená akceptácia rizík. Aby sa stanovila akceptovateľnosť rizika, je nutné toto riziko posúdiť. Posudzovanie rizika je zo strany poisťovne veľmi zodpovedné, pretož...

Full description

Saved in:
Bibliographic Details
Main Author: Poór, Róbert
Format: Book Chapter
Language:Slovak
Subjects:
Tags: Add Tag
No Tags, Be the first to tag this record!

MARC

LEADER 00000nla a2200000 4500
001 0205475
005 20240417075058.5
041 0 |a slo 
044 |a SK 
245 1 0 |a Rizikový manažment a sprostredkovanie poistenia  |c Róbert Poór 
520 |a Efektívnosť sprostredkovania poistenia je závislá od právneho pochopenia samotnej činnosti poisťovne. Základom poisťovacej činnosti je riadená akceptácia rizík. Aby sa stanovila akceptovateľnosť rizika, je nutné toto riziko posúdiť. Posudzovanie rizika je zo strany poisťovne veľmi zodpovedné, pretože pri podcenení posudzovania rizika môže dôjsť k nečakaným škodovým udalostiam u klienta a tým ku zníženiu celkovej efektívnosti činnosti poisťovne. 
610 2 0 |a poisťovne 
610 2 0 |a manažment 
610 2 0 |a riadenie rizík 
610 2 0 |a riziko poistné 
100 1 |a Poór, Róbert